000 00433nam a22001577a 4500
020 _a9781137275349
082 _a658.406
_bHAY
100 _aHayes, John
245 _aThe theory and practice of change management/
_cJohn Hayes,
250 _a4th edition.
260 _aLondon:
_bPalgrave Macmillan;
_c2014.
300 _a521p.
563 _aPB.
650 _achange management
_amanaging change
_9118416
942 _2ddc
_cBK
999 _c603367
_d603367